Zdokonaľovanie riadenia VTR v podnikovo-hospodárskej sfére 4. etapa

Salvato in:
Dettagli Bibliografici
Natura: Libro
Lingua:slovacco
Pubblicazione: Bratislava VŠE 1989
Tags: Aggiungi Tag
Nessun Tag, puoi essere il primo ad aggiungerne!!

MARC

LEADER 00000nam a2200000 4500
001 c039598
005 20260325101425.7
041 0 |a slo 
044 |a SK 
245 1 0 |a Zdokonaľovanie riadenia VTR v podnikovo-hospodárskej sfére  |b 4. etapa 
264 1 |a Bratislava  |b VŠE  |c 1989 
300 |a 108 s.